Merseyside and Isle of Man Branch Events (Record no. 118949)

MARC details
000 -LEADER
fixed length control field 00583cas a22001935a 4500
001 - CONTROL NUMBER
control field L138078
008 - FIXED-LENGTH DATA ELEMENTS--GENERAL INFORMATION
fixed length control field 070515c xxkzr p 0 a0eng u
035 ## - SYSTEM CONTROL NUMBER
System control number (Sirsi) u138078
041 0# - LANGUAGE CODE
Language code of text/sound track or separate title eng
110 2# - MAIN ENTRY--CORPORATE NAME
Corporate name or jurisdiction name as entry element Royal Institution of Chartered Surveyors
Subordinate unit Merseyside and Isle of Man Branch
9 (RLIN) 1159
245 00 - TITLE STATEMENT
Title Merseyside and Isle of Man Branch Events
260 ## - PUBLICATION, DISTRIBUTION, ETC.
Place of publication, distribution, etc. Liverpool
Name of publisher, distributor, etc. RICS
Date of publication, distribution, etc. [198?]-[199?]
362 0# - DATES OF PUBLICATION AND/OR SEQUENTIAL DESIGNATION
Dates of publication and/or sequential designation April/May/June 1989-January/February 1991
554 ## -
-- Not known
651 #4 - SUBJECT ADDED ENTRY--GEOGRAPHIC NAME
Geographic name ISLE OF MAN
651 #4 - SUBJECT ADDED ENTRY--GEOGRAPHIC NAME
Geographic name MERSEYSIDE
785 00 - SUCCEEDING ENTRY
Title Chartered Surveyor North West
942 ## - ADDED ENTRY ELEMENTS (KOHA)
Suppress in OPAC 0
Holdings
Withdrawn status Lost status Source of classification or shelving scheme Damaged status Not for loan Home library Current library Shelving location Date acquired Total Checkouts Full call number Barcode Date last seen Price effective from Koha item type
    Dewey Decimal Classification     London London Gallery 15/05/2007   BRANCH EVENTS 138078-1001 06/08/2019 06/08/2019 Journal